<?xml version="1.0" encoding="UTF-8"?>
<record
    xmlns:xsi="http://www.w3.org/2001/XMLSchema-instance"
    xsi:schemaLocation="http://www.loc.gov/MARC21/slim http://www.loc.gov/standards/marcxml/schema/MARC21slim.xsd"
    xmlns="http://www.loc.gov/MARC21/slim">

  <leader>00752cam a22002411  4500</leader>
  <controlfield tag="001">2552</controlfield>
  <controlfield tag="003">BD-RjUL</controlfield>
  <controlfield tag="005">20211208233558.0</controlfield>
  <controlfield tag="008">131212s1965    pk            001 0 eng</controlfield>
  <datafield tag="035" ind1=" " ind2=" ">
    <subfield code="a">(BD-RjUL)2579</subfield>
  </datafield>
  <datafield tag="035" ind1=" " ind2=" ">
    <subfield code="a">(OCoLC)2763380</subfield>
  </datafield>
  <datafield tag="040" ind1=" " ind2=" ">
    <subfield code="a">DLC</subfield>
    <subfield code="c">MiKC</subfield>
    <subfield code="d">DLC</subfield>
    <subfield code="d">(BD-RjUL)</subfield>
    <subfield code="b">eng</subfield>
  </datafield>
  <datafield tag="041" ind1=" " ind2=" ">
    <subfield code="a">eng</subfield>
  </datafield>
  <datafield tag="082" ind1=" " ind2=" ">
    <subfield code="a">330.9549</subfield>
    <subfield code="b">ISS 1965</subfield>
    <subfield code="2">23</subfield>
  </datafield>
  <datafield tag="100" ind1="1" ind2=" ">
    <subfield code="a">Islam, Nurul</subfield>
    <subfield code="9">8248</subfield>
  </datafield>
  <datafield tag="245" ind1="1" ind2="2">
    <subfield code="a">A short-term model for Pakistan economy :</subfield>
    <subfield code="b">an econometric analysis /</subfield>
    <subfield code="c">Nurul Islam</subfield>
  </datafield>
  <datafield tag="260" ind1=" " ind2=" ">
    <subfield code="a">Lahore :</subfield>
    <subfield code="b">Pakistan Branch, Oxford University Press,</subfield>
    <subfield code="c">c1965</subfield>
  </datafield>
  <datafield tag="300" ind1=" " ind2=" ">
    <subfield code="a">xi, 148 p. ;</subfield>
    <subfield code="c">23 cm.</subfield>
  </datafield>
  <datafield tag="504" ind1=" " ind2=" ">
    <subfield code="a">Bibliographical footnotes.</subfield>
  </datafield>
  <datafield tag="651" ind1=" " ind2="0">
    <subfield code="a">Pakistan</subfield>
    <subfield code="x">Economic conditions</subfield>
    <subfield code="x">Mathematical models.</subfield>
    <subfield code="9">8249</subfield>
  </datafield>
  <datafield tag="942" ind1=" " ind2=" ">
    <subfield code="2">ddc</subfield>
    <subfield code="c">BK</subfield>
  </datafield>
  <datafield tag="999" ind1=" " ind2=" ">
    <subfield code="c">2552</subfield>
    <subfield code="d">2552</subfield>
  </datafield>
  <datafield tag="952" ind1=" " ind2=" ">
    <subfield code="0">0</subfield>
    <subfield code="1">0</subfield>
    <subfield code="2">ddc</subfield>
    <subfield code="4">0</subfield>
    <subfield code="7">0</subfield>
    <subfield code="8">NFIC</subfield>
    <subfield code="a">RUCL</subfield>
    <subfield code="b">RUCL</subfield>
    <subfield code="c">Stack</subfield>
    <subfield code="d">1967-01-24</subfield>
    <subfield code="e">Royal Pm Co.</subfield>
    <subfield code="g">22.50</subfield>
    <subfield code="l">0</subfield>
    <subfield code="o">330.9549 ISS 1965</subfield>
    <subfield code="r">2013-12-12 00:00:00</subfield>
    <subfield code="t">C-3</subfield>
    <subfield code="w">2021-12-08</subfield>
    <subfield code="y">BK</subfield>
  </datafield>
  <datafield tag="952" ind1=" " ind2=" ">
    <subfield code="0">0</subfield>
    <subfield code="1">0</subfield>
    <subfield code="2">ddc</subfield>
    <subfield code="4">0</subfield>
    <subfield code="7">0</subfield>
    <subfield code="8">NFIC</subfield>
    <subfield code="a">RUCL</subfield>
    <subfield code="b">RUCL</subfield>
    <subfield code="c">Stack</subfield>
    <subfield code="d">1967-01-24</subfield>
    <subfield code="e">Royal Pm C</subfield>
    <subfield code="g">22.50</subfield>
    <subfield code="l">0</subfield>
    <subfield code="o">330.9549 ISS 1965</subfield>
    <subfield code="r">2013-12-12 00:00:00</subfield>
    <subfield code="t">C-4</subfield>
    <subfield code="w">2021-12-08</subfield>
    <subfield code="y">BK</subfield>
  </datafield>
  <datafield tag="952" ind1=" " ind2=" ">
    <subfield code="0">0</subfield>
    <subfield code="1">0</subfield>
    <subfield code="2">ddc</subfield>
    <subfield code="4">0</subfield>
    <subfield code="7">0</subfield>
    <subfield code="8">NFIC</subfield>
    <subfield code="a">RUCL</subfield>
    <subfield code="b">RUCL</subfield>
    <subfield code="c">Stack</subfield>
    <subfield code="d">1967-01-24</subfield>
    <subfield code="e">Royal Pm Co.</subfield>
    <subfield code="g">22.50</subfield>
    <subfield code="l">0</subfield>
    <subfield code="o">330.9549 ISS 1965</subfield>
    <subfield code="r">2013-12-12 00:00:00</subfield>
    <subfield code="t">C-5</subfield>
    <subfield code="w">2021-12-08</subfield>
    <subfield code="y">BK</subfield>
  </datafield>
  <datafield tag="952" ind1=" " ind2=" ">
    <subfield code="0">0</subfield>
    <subfield code="1">0</subfield>
    <subfield code="2">ddc</subfield>
    <subfield code="4">0</subfield>
    <subfield code="7">0</subfield>
    <subfield code="8">NFIC</subfield>
    <subfield code="a">RUCL</subfield>
    <subfield code="b">RUCL</subfield>
    <subfield code="c">Stack</subfield>
    <subfield code="d">1967-01-24</subfield>
    <subfield code="e">Royal Pm Co.</subfield>
    <subfield code="g">22.50</subfield>
    <subfield code="l">0</subfield>
    <subfield code="o">330.9549 ISS 1965</subfield>
    <subfield code="r">2013-12-12 00:00:00</subfield>
    <subfield code="t">C-2</subfield>
    <subfield code="w">2021-12-08</subfield>
    <subfield code="y">BK</subfield>
  </datafield>
  <datafield tag="952" ind1=" " ind2=" ">
    <subfield code="0">0</subfield>
    <subfield code="1">0</subfield>
    <subfield code="2">ddc</subfield>
    <subfield code="4">0</subfield>
    <subfield code="7">1</subfield>
    <subfield code="8">NFIC</subfield>
    <subfield code="a">RUCL</subfield>
    <subfield code="b">RUCL</subfield>
    <subfield code="c">Reading</subfield>
    <subfield code="d">1967-01-24</subfield>
    <subfield code="e">Royal Pm Co.</subfield>
    <subfield code="g">22.50</subfield>
    <subfield code="l">0</subfield>
    <subfield code="o">330.9549 ISS 1965</subfield>
    <subfield code="r">2013-12-12 00:00:00</subfield>
    <subfield code="t">C-1</subfield>
    <subfield code="w">2021-12-08</subfield>
    <subfield code="y">BK</subfield>
  </datafield>
  <datafield tag="952" ind1=" " ind2=" ">
    <subfield code="0">0</subfield>
    <subfield code="1">0</subfield>
    <subfield code="2">ddc</subfield>
    <subfield code="4">0</subfield>
    <subfield code="7">0</subfield>
    <subfield code="8">NFIC</subfield>
    <subfield code="a">RUCL</subfield>
    <subfield code="b">RUCL</subfield>
    <subfield code="c">Serials </subfield>
    <subfield code="d">1973-02-02</subfield>
    <subfield code="e">oxford university press</subfield>
    <subfield code="g">22.50</subfield>
    <subfield code="l">0</subfield>
    <subfield code="o">330.9549 ISS 1965</subfield>
    <subfield code="r">2016-06-19 00:00:00</subfield>
    <subfield code="t">C-6</subfield>
    <subfield code="w">2016-06-19</subfield>
    <subfield code="y">BK</subfield>
  </datafield>
  <datafield tag="952" ind1=" " ind2=" ">
    <subfield code="0">0</subfield>
    <subfield code="1">0</subfield>
    <subfield code="2">ddc</subfield>
    <subfield code="4">0</subfield>
    <subfield code="7">0</subfield>
    <subfield code="8">NFIC</subfield>
    <subfield code="a">RUCL</subfield>
    <subfield code="b">RUCL</subfield>
    <subfield code="c">Serials </subfield>
    <subfield code="d">1973-02-02</subfield>
    <subfield code="e">oxford university press</subfield>
    <subfield code="g">22.50</subfield>
    <subfield code="l">0</subfield>
    <subfield code="o">330.9549 ISS 1965</subfield>
    <subfield code="r">2016-06-19 00:00:00</subfield>
    <subfield code="t">C-7</subfield>
    <subfield code="w">2016-06-19</subfield>
    <subfield code="y">BK</subfield>
  </datafield>
  <datafield tag="952" ind1=" " ind2=" ">
    <subfield code="0">0</subfield>
    <subfield code="1">0</subfield>
    <subfield code="2">ddc</subfield>
    <subfield code="4">0</subfield>
    <subfield code="7">0</subfield>
    <subfield code="8">NFIC</subfield>
    <subfield code="a">RUCL</subfield>
    <subfield code="b">RUCL</subfield>
    <subfield code="c">Serials </subfield>
    <subfield code="d">1973-02-02</subfield>
    <subfield code="e">oxford university press</subfield>
    <subfield code="g">22.50</subfield>
    <subfield code="l">0</subfield>
    <subfield code="o">330.9549 ISS 1965</subfield>
    <subfield code="r">2016-06-19 00:00:00</subfield>
    <subfield code="t">C-8</subfield>
    <subfield code="w">2016-06-19</subfield>
    <subfield code="y">BK</subfield>
  </datafield>
</record>
